| 000 | 00677cam a22002174a 4500 | ||
|---|---|---|---|
| 005 | 20250605164043.0 | ||
| 008 | 250528s ||||||||||||||||||||||||d | ||
| 035 | _a17059 | ||
| 020 | _a860913309 | ||
| 040 |
_aGR-AtMCL _bgre _dGR-AtMCL _eAACR2 |
||
| 245 | 1 | _aThe Anti-Social Family / Second Edition | |
| 250 | _a2nd | ||
| 260 |
_bVerso, _c1991 |
||
| 300 | _a178 | ||
| 520 | _aPreface and Acknowledgements, A Question of Values, The Anti-social Family, Contemporary Social Analysis, Strategies for Change, Postscript to Second Edition, Index. | ||
| 700 | 1 |
_aBarrett Michele _93189 |
|
| 700 | 1 |
_aMcintosh Mary _93190 |
|
| 942 | _cBK | ||
| 999 |
_c2499 _d2499 |
||